000
00234 a2200097 4500
001
23154
100
_a
Atiyeh, G N
245
_a
Al-Kundi : Philosopher of the Arbas
260
_a
_b
Islamic Research Inst.
_c
1966
090
_c
15694
_d
15694
942
_a
NUST-CAE
_c
M
_c
6329
999
_c
258227
_d
258227